00325 a2200133 4500003000400000005001700004008004100021040000900062082001500071100002200086245004800108260002700156300000800183OSt20240110155626.0240110b |||||||| |||| 00| 0 eng d coclc a297bPAL/J aPalakkazhi, Usman aJYOLSAN KODUTHA ANKUTTY /cUsman Palakkazhi bScreen offset printers a82p